[Event "1.FrauenBL 2016-17"]
[Site "Berlin"]
[Date "2017.04.29"]
[Round "9.6"]
[White "Dengler, Dijana"]
[Black "Georgescu, Lena"]
[Result "0-1"]
[WhiteElo "2046"]
[BlackElo "2187"]
[Annotator "NA"]
[PlyCount "94"]
[EventDate "2017.??.??"]
[EventType "team-tourn"]
[EventCountry "GER"]
[SourceTitle "playchess.com"]
[Source "ChessBase"]
[SourceQuality "1"]
[WhiteTeam "FC Bayern München"]
[BlackTeam "SG Augsburg"]
[TimeControl "40/6000+30:3000+30"]

1. d4 {[%emt 1:30:23]} f5 {[%emt 1:29:51]} 2. Nf3 {[%emt 1:29:10]} d6 {[%emt 1:29:10]} 3. b3 {[%emt 1:29:35]} Nf6 {[%emt 1:29:53]} 4. Bb2 {[%emt 1:29:53]} g6 {[%emt 1:29:51]} 5. g3 {[%emt 1:29:51]} Bg7 {[%emt 1:30:13]} 6. Bg2 {[%emt 1:26:01]} O-O {[%emt 1:26:01]} 7. O-O {[%emt 1:30:36]} Qe8 {[%emt 1:30:44]} 8. Nbd2 {[%emt 1:23:30]} Nc6 {[%emt 1:30:54]} 9. Nc4 {[%emt 1:20:03]} e6 {[%emt 1:31:06]} 10. a4 {[%emt 1:19:43]} Bd7 {[%emt 1:24:35]} 11. Rb1 {[%emt 1:24:35]} h6 {[%emt 1:20:22]} 12. e3 {[%emt 1:01:19]} g5 {[%emt 1:19:06]} 13. Re1 {[%emt 0:55:59]} Qg6 {[%emt 0:55:59]} 14. Nfd2 {[%emt 0:54:56]} Rae8 {[%emt 0:54:56]} 15. b4 {[%emt 0:39:35]} Ne4 {[%emt 0:58:41]} 16. b5 {[%emt 0:58:41]} Ne7 {[%emt 0:54:32]} 17. f3 {[%emt 0:32:40]} Nxd2 {[%emt 0:53:30]} 18. Qxd2 {[%emt 0:31:26]} f4 {[%emt 0:31:26]} 19. e4 {[%emt 0:29:35]} g4 {[%emt 0:51:05]} 20. Qf2 {[%emt 0:19:38]} fxg3 {[%emt 0:46:26]} 21. hxg3 {[%emt 0:19:53]} gxf3 {[%emt 0:19:53]} 22. Bxf3 {[%emt 0:17:50]} e5 {[%emt 0:42:48]} 23. dxe5 {[%emt 0:13:10]} Qf7 {[%emt 0:33:54]} 24. Nd2 {[%emt 0:33:54]} Ng6 {[%emt 0:26:08]} 25. Rf1 {[%emt 0:08:15]} Nxe5 {[%emt 0:24:33]} 26. Bg2 {[%emt 0:08:20]} Qh5 {[%emt 0:22:54]} 27. Nf3 {[%emt 0:22:54]} Bg4 {[%emt 0:20:23]} 28. Bxe5 {[%emt 0:03:40]} Bxe5 {[%emt 0:20:41]} 29. Rb3 {[%emt 0:00:22]} Re7 {[%emt 0:19:39]} 30. Qe1 {[%emt 0:00:19]} Bxf3 {[%emt 0:14:54]} 31. Bxf3 {[%emt 0:00:27]} Qh3 {[%emt 0:00:27]} 32. Bg2 {[%emt 0:00:43]} Bd4+ {[%emt 0:14:55]} 33. Re3 {[%emt 0:00:31]} Qg4 {[%emt 0:11:40]} 34. Rxf8+ {[%emt 0:11:40]} Kxf8 {[%emt 0:12:02]} 35. Kh2 {[%emt 0:00:56]} Qh5+ {[%emt 0:11:10]} 36. Bh3 {[%emt 0:01:03]} Bxe3 {[%emt 0:11:17]} 37. Qxe3 {[%emt 0:01:30]} Rf7 {[%emt 0:11:02]} 38. Kg2 {[%emt 0:01:34]} Qg5 {[%emt 0:09:29]} 39. Qxg5 {[%emt 0:01:21]} hxg5 {[%emt 0:09:54]} 40. Be6 {[%emt 0:00:54]} Rf6 {[%emt 0:09:28]} 41. Bc8 {[%emt 0:23:50]} b6 {[%emt 0:38:54]} 42. Bf5 {[%emt 0:19:02]} Ke7 {[%emt 0:34:19]} 43. Kf3 {[%emt 0:08:44]} Rh6 {[%emt 0:34:30]} 44. Ke3 {[%emt 0:08:30]} Rh2 {[%emt 0:34:35]} 45. Kd3 {[%emt 0:08:02]} Kf6 {[%emt 0:34:29]} 46. Kc3 {[%emt 0:07:14]} Ke5 {[%emt 0:34:34]} 47. Kb3 {[%emt 0:06:59]} d5 {[%emt 0:34:41]} 0-1

[Event "1.FrauenBL 2016-17"]
[Site "Berlin"]
[Date "2017.04.29"]
[Round "9.6"]
[White "Manusina, Nicole"]
[Black "v d  Weth-v  Nordheim, Petra"]
[Result "1-0"]
[WhiteElo "1908"]
[BlackElo "1978"]
[Annotator "NA"]
[PlyCount "55"]
[EventDate "2017.??.??"]
[EventType "team-tourn"]
[EventCountry "GER"]
[SourceTitle "playchess.com"]
[Source "ChessBase"]
[SourceQuality "1"]
[WhiteTeam "SK Lehrte"]
[BlackTeam "SV Medizin Erfurt"]
[TimeControl "40/6000+30:3000+30"]

1. d4 {[%emt 1:30:30]} d5 {[%emt 1:30:06]} 2. c4 {[%emt 1:30:23]} e6 {[%emt 1:30:26]} 3. Nc3 {[%emt 1:30:45]} Nf6 {[%emt 1:28:03]} 4. Bg5 {[%emt 1:29:12]} c6 {[%emt 1:28:18]} 5. e3 {[%emt 1:28:41]} Bb4 {[%emt 1:28:05]} 6. Qc2 {[%emt 1:27:09]} Nbd7 {[%emt 1:25:03]} 7. cxd5 {[%emt 1:27:18]} exd5 {[%emt 1:23:26]} 8. Bd3 {[%emt 1:27:31]} h6 {[%emt 1:18:52]} 9. Bh4 {[%emt 1:27:33]} O-O {[%emt 1:10:56]} 10. Nf3 {[%emt 1:27:25]} Qa5 {[%emt 1:27:25]} 11. O-O {[%emt 1:24:38]} Bxc3 {[%emt 0:58:52]} 12. bxc3 {[%emt 1:24:31]} b5 {[%emt 0:56:47]} 13. a4 {[%emt 0:56:47]} Qb6 {[%emt 0:48:23]} 14. Rfb1 {[%emt 1:13:00]} Ba6 {[%emt 0:48:41]} 15. axb5 {[%emt 1:05:59]} Bxb5 {[%emt 0:46:29]} 16. c4 {[%emt 1:03:25]} dxc4 {[%emt 0:45:00]} 17. Bxc4 {[%emt 1:02:41]} Rac8 {[%emt 1:02:41]} 18. Bxf6 {[%emt 0:36:52]} Nxf6 {[%emt 0:55:52]} 19. Ne5 {[%emt 0:55:26]} a6 {[%emt 0:27:30]} 20. Qf5 {[%emt 0:27:30]} Qc7 {[%emt 0:20:23]} 21. Rc1 {[%emt 0:43:28]} Qb7 {[%emt 0:43:28]} 22. Rab1 {[%emt 0:15:16]} Rc7 {[%emt 0:14:59]} 23. Ba2 {[%emt 0:34:57]} Ne8 {[%emt 0:10:10]} 24. Qf4 {[%emt 0:30:22]} Nd6 {[%emt 0:09:25]} 25. Rc5 {[%emt 0:28:47]} Qc8 {[%emt 0:05:21]} 26. Rbc1 {[%emt 0:27:06]} Nb7 {[%emt 0:27:06]} 27. R5c3 {[%emt 0:26:54]} Nd8 {[%emt 0:26:54]} 28. d5 {[%emt 0:26:15]} 1-0

[Event "1.FrauenBL 2016-17"]
[Site "Berlin"]
[Date "2017.04.29"]
[Round "9.7"]
[White "Javakhishvili, Lela"]
[Black "Shvayger, Yuliya"]
[Result "0-1"]
[WhiteElo "2456"]
[BlackElo "2416"]
[Annotator "TA"]
[PlyCount "120"]
[EventDate "2017.??.??"]
[EventType "team-tourn"]
[EventCountry "GER"]
[SourceTitle "playchess.com"]
[Source "ChessBase"]
[SourceQuality "1"]
[WhiteTeam "SK Schwäbisch Hall"]
[BlackTeam "SF Deizisau"]

{[%evp 7,120,20,37,0,0,0,9,0,6,10,22,9,30,27,21,12,20,14,8,4,19,16,21,16,26,2,0,5,11,6,13,9,13,7,0,0,6,-2,0,0,0,0,0,-128,-132,-155,-151,-169,-155,-253,-252,-235,-252,-358,-365,-364,-360,-368,-342,-396,-367,-486,-488,-491,-481,-468,-460,-464,-404,-362,-360,-731,-728,-691,-715,-715,-691,-650,-699,-896,-716,-1027,-951,-1291,-914,-774,-764,-1369,-1218,-1314,-1229,-1346,-1207,-2314,-2067,-2089,-2044,-1860,-1753,-6731,-5758,-29948,-6522,-29971,-29968,-29976,-29977,-29977,-29978,-29973,-29974,-29974,-29980,-29979,-29981]} 1. d4 Nf6 2. c4 e6 3. Nf3 d5 4. Nc3 c5 {LiveBook: 2181 Games} 5. Be3 {D40: Queen's Gambit Declined: Semi-Tarrasch with 5 e3} (5. e3 Nc6 6. cxd5 Nxd5 7. Bd3 cxd4 8. exd4 Bb4 9. O-O O-O 10. Bc2 Bd7 11. a3 Bxc3 12. Qd3 f5 13. bxc3 b5 14. a4 a6 15. Re1 Qc7 16. Ng5 {1-0 (60) Grischuk,A (2742)-Mamedyarov,S (2766) Sharjah 2017}) 5... dxc4 6. dxc5 $146 (6. Qa4+ Bd7 7. Qxc4 cxd4 8. Nxd4 Nc6 9. Rd1 Na5 10. Qd3 Rc8 11. Bg5 Nc4 12. Qc2 {0-1 (46) Slacky,S (2140)-Szucs,V (2161) Slovakia 2008}) 6... Qxd1+ 7. Rxd1 {The position is equal.} Na6 8. Bd4 Bxc5 9. e4 Ke7 10. Bxc4 Bxd4 11. Rxd4 Nb4 {[#] And now ...Nc2+ would win.} 12. Ke2 Nc6 13. Rd2 Bd7 14. h3 Rhd8 15. e5 Ne8 16. a3 Na5 17. Ba2 Bc6 18. Rhd1 Rxd2+ 19. Rxd2 Rc8 20. Ne1 b6 21. g4 Bb7 22. Nc2 g5 23. Ke3 Rc5 24. f4 Nc6 {next ...gxf4+ is good for Black.} 25. fxg5 (25. Re2 $11) 25... Nxe5 $17 26. Kf2 Nf3 $36 {[%mdl 2048] Black is really pushing.} 27. Re2 Nd6 (27... Rxg5 28. Ne3 $17) 28. Bd5 (28. Kg3 $17) 28... Rxd5 $19 ({But not} 28... Bxd5 29. Nxd5+ Rxd5 30. Nb4 Rxg5 31. Kxf3 $17) 29. Nxd5+ Bxd5 30. Nb4 (30. Ne3 $142 Bb7 31. Nf5+ Nxf5 32. gxf5) 30... Bb7 31. Rc2 {intending Rc7+.} Nxg5 32. Kg3 Nge4+ 33. Kf4 Nc5 34. Kg5 Be4 35. Rc1 f6+ 36. Kh6 a5 37. Na2 a4 38. Nc3 Bg6 {[#] ( -> ...Kf8)} 39. Rf1 $2 (39. Kg7) 39... Kf8 {[%cal Rd6f7]} 40. Rxf6+ Nf7+ 41. Rxf7+ Kxf7 42. h4 Bc2 43. g5 Bf5 44. Nb5 e5 45. h5 Ke7 46. Nc3 e4 47. Nd5+ Ke6 48. Ne3 b5 49. Kg7 Ke5 50. Ng2 Ne6+ 51. Kh6 Kd4 52. Nh4 Bg4 53. g6 hxg6 54. Kxg6 e3 {[%cal Be4e3,Be3e2][%mdl 32]} 55. h6 e2 {Black mates.} 56. h7 Nf8+ 57. Kg5 Nxh7+ 58. Kxg4 Ke3 59. Nf3 Nf6+ 60. Kg3 Ne4+ 0-1

[Event "1.FrauenBL 2016-17"]
[Site "Berlin"]
[Date "2017.04.29"]
[Round "9.7"]
[White "Tammert, Iamze"]
[Black "Brendel, Bergit"]
[Result "1-0"]
[WhiteElo "2290"]
[BlackElo "2094"]
[Annotator "NA"]
[PlyCount "85"]
[EventDate "2017.??.??"]
[EventType "team-tourn"]
[EventCountry "GER"]
[SourceTitle "playchess.com"]
[Source "ChessBase"]
[SourceQuality "1"]
[WhiteTeam "OSG Baden-Baden"]
[BlackTeam "Karlsruher SF"]
[TimeControl "40/6000+30:3000+30"]

1. c4 {[%emt 1:30:23]} c5 {[%emt 1:30:21]} 2. Nc3 {[%emt 1:30:39]} Nc6 {[%emt 1:30:39]} 3. Nf3 {[%emt 1:30:43]} e6 {[%emt 1:31:01]} 4. d4 {[%emt 1:30:14]} cxd4 {[%emt 1:28:46]} 5. Nxd4 {[%emt 1:30:18]} Nf6 {[%emt 1:24:13]} 6. e4 {[%emt 1:20:57]} Bb4 {[%emt 1:12:25]} 7. f3 {[%emt 1:20:30]} Qa5 {[%emt 1:06:18]} 8. Nxc6 {[%emt 0:56:16]} dxc6 {[%emt 1:02:26]} 9. Bd2 {[%emt 1:02:26]} Qc7 {[%emt 0:56:46]} 10. Qe2 {[%emt 0:50:58]} e5 {[%emt 0:58:52]} 11. Qf2 {[%emt 0:48:32]} O-O {[%emt 0:48:32]} 12. g4 {[%emt 0:53:49]} Nd7 {[%emt 0:49:19]} 13. a3 {[%emt 0:49:19]} Bc5 {[%emt 0:45:01]} 14. Be3 $17 {[%emt 0:42:34]} Bxe3 {[%emt 0:45:02]} 15. Qxe3 {[%emt 0:45:02]} Qb6 {[%emt 0:45:01]} 16. Nd1 {[%emt 0:27:16]} Qxe3+ {[%emt 0:27:45]} 17. Nxe3 {[%emt 0:27:45]} Nc5 {[%emt 0:40:11]} 18. Rd1 {[%emt 0:27:46]} Ne6 {[%emt 0:38:54]} 19. Nc2 {[%emt 0:26:10]} Nf4 {[%emt 0:37:56]} 20. Kf2 {[%emt 0:22:48]} Be6 {[%emt 0:22:48]} 21. Ne3 {[%emt 0:22:49]} Rfd8 {[%emt 0:35:53]} 22. Be2 {[%emt 0:22:49]} Rd4 {[%emt 0:29:55]} 23. b3 {[%emt 0:13:24]} Rad8 {[%emt 0:28:28]} 24. Ng2 {[%emt 0:10:01]} Rxd1 {[%emt 0:26:07]} 25. Rxd1 {[%emt 0:10:30]} Rxd1 {[%emt 0:26:22]} 26. Bxd1 {[%emt 0:10:59]} Nxg2 {[%emt 0:11:28]} 27. Kxg2 {[%emt 0:11:28]} c5 {[%emt 0:11:28]} 28. g5 {[%emt 0:06:41]} f6 {[%emt 0:24:48]} 29. gxf6 {[%emt 0:06:39]} gxf6 {[%emt 0:25:13]} 30. f4 {[%emt 0:05:45]} Bd7 {[%emt 0:10:19]} 31. Kg3 {[%emt 0:05:16]} Kg7 {[%emt 0:08:55]} 32. Bh5 {[%emt 0:08:55]} Bc6 {[%emt 0:08:50]} 33. Kf3 {[%emt 0:03:40]} f5 {[%emt 0:03:14]} 34. fxe5 {[%emt 0:04:03]} Bxe4+ {[%emt 0:03:37]} 35. Kf4 {[%emt 0:04:27]} b6 {[%emt 0:03:48]} 36. Be8 {[%emt 0:03:48]} Kf8 {[%emt 0:03:47]} 37. Bd7 {[%emt 0:03:47]} Bc2 {[%emt 0:04:10]} 38. b4 {[%emt 0:02:06]} Bd3 {[%emt 0:02:06]} 39. bxc5 {[%emt 0:02:27]} bxc5 {[%emt 0:01:42]} 40. Bxf5 {[%emt 0:02:40]} Bxc4 {[%emt 0:01:55]} 41. Bxh7 {[%emt 0:03:09]} Be2 {[%emt 0:00:50]} 42. Bf5 {[%emt 0:29:52]} Ke7 {[%emt 0:30:31]} 43. Ke3 {[%emt 0:30:31]} 1-0

[Event "1.FrauenBL 2016-17"]
[Site "Berlin"]
[Date "2017.04.29"]
[Round "9.8"]
[White "Schleining, Zoya"]
[Black "Batsiashvili, Nino"]
[Result "1/2-1/2"]
[WhiteElo "2349"]
[BlackElo "2496"]
[Annotator "TA"]
[PlyCount "86"]
[EventDate "2017.??.??"]
[EventType "team-tourn"]
[EventCountry "GER"]
[SourceTitle "playchess.com"]
[Source "ChessBase"]
[SourceQuality "1"]
[WhiteTeam "SF Deizisau"]
[BlackTeam "SK Schwäbisch Hall"]

{[%evp 18,86,46,29,46,49,51,51,70,54,65,41,60,17,17,17,17,12,17,17,17,11,17,17,17,15,14,13,14,6,14,0,0,0,0,0,0,0,0,0,0,-17,0,0,0,-12,-14,-64,-37,-46,-41,-42,-44,-35,-33,-40,-51,-72,-33,-34,0,0,0,0,0,0,8,13,90,84,84]} 1. d4 Nf6 2. Nf3 e6 3. c4 Bb4+ 4. Bd2 Qe7 5. g3 Bxd2+ 6. Qxd2 d5 7. Bg2 O-O 8. O-O Rd8 9. Rc1 Nc6 {E11: Bogo-Indian} (9... c6 10. b4 dxc4 11. Rxc4 Nbd7 12. Qb2 a5 13. bxa5 Rxa5 14. Nbd2 Qa3 15. Rc2 Qxb2 16. Rxb2 Ra4 17. Rc1 {½-½ (51) Sokolov,I (2642)-Short,N (2681) Malmo 2013}) 10. Na3 {LiveBook: 5 Games} dxc4 11. Qc3 ({But not} 11. Rxc4 e5 $11) 11... e5 {White is slightly better.} 12. dxe5 Nd5 $1 {[%cal Rd5c3]} 13. Qxc4 Nxe5 14. Nxe5 $146 (14. Qc5 Qxc5 15. Rxc5 Nxf3+ 16. Bxf3 c6 17. Bxd5 Rxd5 18. Rxd5 cxd5 {½-½ (57) Santamaria Quintana,I (1667)-Roldan Garcia,A (2166) ICCF email 2008}) 14... Qxe5 15. Qc5 {Black must now prevent e4.} Be6 16. e4 {Threatens to win with Nc4.} b6 17. Nc4 Qh5 ({Of course not} 17... bxc5 $6 18. Nxe5 Nb4 19. Rxc5 $16) 18. Qa3 Nf6 {Hoping for ...Ng4.} 19. Ne3 c5 20. Rd1 Rd4 21. Rxd4 cxd4 {[#]} 22. Nf5 $1 {[%mdl 512]} Bxf5 23. exf5 Re8 24. Qd3 Rd8 25. Rc1 g6 $1 26. fxg6 hxg6 27. h3 Qe5 28. Rd1 a5 29. Bf3 Kg7 30. h4 Rd6 31. Kg2 Nd7 32. Qd2 Nc5 33. Re1 Qf5 34. Rd1 Rf6 35. Qe2 Re6 (35... d3 $5 36. Qe3 $8 Re6 $11) 36. Qc4 d3 37. Rd2 Rf6 38. Qd5 Qxd5 39. Bxd5 Rd6 40. Bc4 Rd4 41. b3 Kf6 42. f3 a4 {[#]} (42... Ke5 $11) 43. Kf2 $1 $16 axb3 1/2-1/2

[Event "1.FrauenBL 2016-17"]
[Site "Berlin"]
[Date "2017.04.29"]
[Round "9.8"]
[White "Scheynin, Julia"]
[Black "Heinemann, Josefine"]
[Result "0-1"]
[WhiteElo "2028"]
[BlackElo "2237"]
[Annotator "NA"]
[PlyCount "88"]
[EventDate "2017.??.??"]
[EventType "team-tourn"]
[EventCountry "GER"]
[SourceTitle "playchess.com"]
[Source "ChessBase"]
[SourceQuality "1"]
[WhiteTeam "Karlsruher SF"]
[BlackTeam "OSG Baden-Baden"]
[TimeControl "40/6000+30:3000+30"]

1. e4 {[%emt 1:30:26]} c5 {[%emt 1:30:23]} 2. Nc3 {[%emt 1:30:51]} Nc6 {[%emt 1:30:41]} 3. g3 {[%emt 1:31:11]} g6 {[%emt 1:30:51]} 4. Bg2 {[%emt 1:31:36]} Bg7 {[%emt 1:31:36]} 5. f4 {[%emt 1:30:35]} d6 {[%emt 1:30:35]} 6. d3 {[%emt 1:28:34]} e6 {[%emt 1:30:55]} 7. Nf3 {[%emt 1:28:24]} Nge7 {[%emt 1:28:24]} 8. O-O {[%emt 1:28:48]} O-O {[%emt 1:31:45]} 9. Bd2 {[%emt 1:25:46]} Rb8 {[%emt 1:27:59]} 10. Rb1 {[%emt 1:27:59]} b5 {[%emt 1:27:16]} 11. a3 {[%emt 1:18:46]} b4 {[%emt 1:26:22] B25: Closed Sicilian: 3 g3, lines without early Be3} 12. axb4 {[%emt 1:13:57]} cxb4 {[%emt 1:26:46]} 13. Ne2 {[%emt 1:13:47]} Qb6+ {[%emt 1:26:39]} (13... a5 14. b3 Ba6 15. Be3 Qc7 16. Rf2 d5 17. e5 Nf5 18. Qd2 Rfd8 19. g4 {0-1 (37) Vokac,M (2430)-Navara,D (2734) Czech Republic 2015}) 14. Kh1 {[%emt 1:13:34]} a5 {[%emt 1:26:40]} 15. b3 {[%emt 1:10:52]} Na7 {[%emt 1:10:52]} 16. Bc1 $146 {[%emt 1:23:06]} (16. g4 Nb5 17. Qe1 Nc6 18. Qh4 Qd8 19. Qf2 {½-½ (61) Casper,T (2300)-Ftacnik,L Zinnowitz 1976}) 16... Nb5 {[%emt 1:15:27]} 17. Bb2 {[%emt 1:05:46]} Bxb2 {[%emt 1:15:11]} 18. Rxb2 {[%emt 1:06:12]} Bd7 {[%emt 1:14:01]} 19. Qd2 {[%emt 1:00:56]} Rbc8 {[%emt 1:11:06]} 20. g4 {[%emt 0:57:05]} f5 {[%emt 0:57:05]} 21. gxf5 {[%emt 0:53:55]} exf5 $15 {[%emt 0:53:55]} 22. Ng3 {[%emt 0:51:19]} Nc3 {[%emt 1:03:40]} 23. e5 {[%emt 1:03:40]} Ned5 {[%emt 0:58:46]} 24. d4 {[%emt 0:58:46]} Rce8 {[%emt 0:52:09]} 25. Ng5 {[%emt 0:32:27]} Bc6 {[%emt 0:32:27]} 26. Re1 {[%emt 0:49:50]} Qb7 {[%emt 0:19:47]} 27. Rg1 {[%emt 0:12:20]} Nb6 {[%emt 0:41:20]} 28. h4 {[%emt 0:10:31]} Bxg2+ {[%emt 0:40:06]} 29. Rxg2 {[%emt 0:40:06]} a4 {[%emt 0:36:47]} 30. bxa4 {[%emt 0:09:51]} Nbxa4 {[%emt 0:36:45]} 31. Rb3 {[%emt 0:10:15]} dxe5 {[%emt 0:36:18]} 32. dxe5 {[%emt 0:10:00]} Rd8 {[%emt 0:10:00]} 33. Qf2 {[%emt 0:09:25]} Rd5 {[%emt 0:32:48]} 34. Kh2 {[%emt 0:09:15]} Nc5 {[%emt 0:32:51]} 35. h5 {[%emt 0:07:33]} Nxb3 {[%emt 0:32:49]} 36. cxb3 {[%emt 0:08:01]} Rd3 {[%emt 0:27:45]} 37. Nh3 {[%emt 0:04:13]} Nd1 {[%emt 0:27:35]} 38. Qe2 {[%emt 0:01:00]} Ne3 {[%emt 0:27:52]} 39. hxg6 {[%emt 0:27:52]} Qxg2+ {[%emt 0:27:25]} 40. Qxg2 {[%emt 0:00:35]} Nxg2 {[%emt 0:27:51]} 41. gxh7+ {[%emt 0:00:52]} Kxh7 {[%emt 0:28:05]} 42. Ng5+ {[%emt 0:00:52]} Kg6 {[%emt 0:00:52]} 43. Kxg2 {[%emt 0:01:18]} Rxb3 {[%emt 0:01:18]} 44. Nf3 {[%emt 0:27:36]} Rxf3 {[%emt 0:58:49] Ne5+ 0:58:49 Rf2 0:58:49 Qh7 0:58:49 Rh8 0:58:49 Rd7 0:58:49} 0-1

[Event "1.FrauenBL 2016-17"]
[Site "Berlin"]
[Date "2017.04.29"]
[Round "9.8"]
[White "Dirmeier, Carolin"]
[Black "Birkholz, Olga"]
[Result "1-0"]
[WhiteElo "1950"]
[BlackElo "2082"]
[Annotator "NA"]
[PlyCount "41"]
[EventDate "2017.??.??"]
[EventType "team-tourn"]
[EventCountry "GER"]
[SourceTitle "playchess.com"]
[Source "ChessBase"]
[SourceQuality "1"]
[WhiteTeam "FC Bayern München"]
[BlackTeam "SG Augsburg"]
[TimeControl "40/6000+30:3000+30"]

1. e4 {[%emt 1:30:24]} d6 {[%emt 1:29:31]} 2. d4 {[%emt 1:30:43]} g6 {[%emt 1:29:42]} 3. Nf3 {[%emt 1:30:34]} Bg7 {[%emt 1:30:09]} 4. Nc3 {[%emt 1:30:56]} Bg4 {[%emt 1:30:02]} 5. Be3 {[%emt 1:25:27]} Nc6 {[%emt 1:21:06]} 6. Be2 {[%emt 1:24:46]} h5 {[%emt 1:16:11]} 7. Qd2 {[%emt 1:19:23]} Bxf3 {[%emt 1:10:33]} 8. gxf3 {[%emt 1:11:43]} e6 {[%emt 1:03:03]} 9. d5 {[%emt 1:03:16]} exd5 {[%emt 1:00:14]} 10. Nxd5 {[%emt 1:01:45]} Qd7 {[%emt 1:00:15]} 11. O-O-O {[%emt 1:00:01]} a6 {[%emt 0:56:25]} 12. Bg5 {[%emt 0:53:00]} Nd8 {[%emt 0:44:45]} 13. f4 {[%emt 0:43:27]} Ne6 {[%emt 0:43:27]} 14. Bh4 {[%emt 0:40:32]} Qa4 {[%emt 0:34:54]} 15. Kb1 {[%emt 0:34:50]} Rc8 {[%emt 0:22:38]} 16. e5 {[%emt 0:22:38]} g5 {[%emt 0:20:02]} 17. Bxg5 {[%emt 0:23:21]} Nxg5 {[%emt 0:20:02]} 18. fxg5 {[%emt 0:23:33]} Bxe5 {[%emt 0:17:31]} 19. f4 {[%emt 0:21:00]} Bg7 {[%emt 0:15:57]} 20. Rhe1 {[%emt 0:21:20]} Kd7 {[%emt 0:15:08]} 21. Nb6+ {[%emt 0:20:53]} 1-0

[Event "1.FrauenBL 2016-17"]
[Site "Berlin"]
[Date "2017.04.29"]
[Round "9.9"]
[White "Daulyte, Deimante"]
[Black "Levushkina, Elena"]
[Result "1-0"]
[WhiteElo "2443"]
[BlackElo "2300"]
[Annotator "TA"]
[PlyCount "131"]
[EventDate "2017.??.??"]
[EventType "team-tourn"]
[EventCountry "GER"]
[SourceTitle "playchess.com"]
[Source "ChessBase"]
[SourceQuality "1"]
[WhiteTeam "SK Schwäbisch Hall"]
[BlackTeam "SF Deizisau"]

{[%evp 29,131,0,87,71,82,72,110,124,113,94,146,143,141,152,130,141,170,161,165,80,72,63,66,59,261,256,231,253,262,256,249,225,237,208,207,206,558,508,410,191,251,209,216,216,578,573,541,485,485,485,485,485,478,478,478,297,297,297,288,278,350,343,337,336,398,370,460,453,453,445,445,438,431,425,425,334,403,0,297,297,297,297,298,241,297,297,297,250,29977,29978,29978,29979,29979,29980,29980,29981,29980,29981,29983,29984,29983,29984,29990,29991]} 1. e4 e5 2. Nf3 Nf6 3. Nxe5 d6 4. Nf3 Nxe4 5. d4 d5 6. Bd3 Bd6 7. O-O O-O 8. c4 c6 9. cxd5 cxd5 10. Nc3 Nxc3 11. bxc3 Bg4 12. h3 Bh5 13. Rb1 Nd7 14. Rxb7 {C42: Petroff Defence: 3 Nxe5 and unusual White 3rd moves} Nb6 15. Qc2 Bg6 {LiveBook: 3 Games} (15... Bxf3 $1 $11 {keeps the balance.} 16. Bxh7+ (16. gxf3 g6 $14) 16... Kh8 17. gxf3 g6) 16. Ng5 $16 {White is better.} ({Relevant:} 16. Bxg6 hxg6 17. Ng5 Qc8 18. Rxf7 Rxf7 19. Qxg6 Qf5 20. Qxd6 Rf6 21. Qe7 Rff8 22. g3 Rfe8 23. Qb7 Reb8 24. Qa6 Nc4 25. Qa4 Rb6 26. Re1 Rf8 27. Bf4 Rg6 28. h4 {½-½ (28) Gashimov,V (2644)-Harikrishna,P (2650) Torrelavega 2007}) 16... Be7 $146 ({Predecessor (2):} 16... Qc8 17. Rxf7 Bxf7 18. Bxh7+ Kh8 19. Bg6 Bxg6 20. Qxg6 Qf5 21. Qxd6 Rae8 {1-0 (31) Edouard,R (2446)-Libiszewski,F (2469) La Roche sur Yon 2007}) 17. f4 (17. Nxh7 Kxh7 18. Re1 Bf6 19. Rxf7 Bxd3 20. Qxd3+ Kg8 21. Rxf8+ (21. Rb7 $2 Qc8 22. Rbe7 Bxe7 23. Rxe7 Qf5 $19) 21... Qxf8 $15) 17... Bxg5 18. fxg5 Nc4 19. Bxg6 fxg6 (19... hxg6 $142 20. Qa4 a6) 20. Rxf8+ Qxf8 21. Qf2 Qxf2+ 22. Kxf2 {[%mdl 4096] Endgame KRB-KRN} Rf8+ 23. Ke2 Re8+ 24. Kd3 (24. Kd1 $18 {is more deadly.}) 24... Re1 25. Bf4 Rf1 $1 {[%cal Rf1f4]} 26. g3 a5 $2 {[#]} ({Black should try} 26... Rf2 $1 $14) 27. Rb5 Rf3+ 28. Ke2 Rxc3 29. Rxd5 Ra3 30. Rc5 Nb6 31. Bc7 Rxa2+ 32. Kd3 Nd7 $2 (32... Rb2 {is tougher.} 33. Rxa5 Kf7) 33. Rd5 $18 Nf8 34. Bxa5 (34. Rxa5 Rxa5 35. Bxa5 Kf7 $18) (34. Rd8 $142) 34... Kf7 (34... Ne6 {was called for.} 35. Bb4 Ra7) 35. Rb5 Nd7 36. Bb4 Ke6 $2 (36... Rg2 {is a better chance.} 37. Bd6 h6) 37. Rb7 Rg2 38. d5+ Kxd5 39. Rxd7+ {KRB-KR} Kc6 40. Rxg7 Rxg3+ 41. Ke4 Rxh3 {Now ...Rh4+ and Black clings on.} 42. Bf8 Rh5 43. Kf4 Rh1 {[#] intending ...Rf1+.} 44. Rg8 $1 Rf1+ 45. Ke4 Re1+ 46. Kf3 Re8 47. Rh8 Kd5 48. Bg7 (48. Rxh7 Rxf8+ 49. Kg4 Ra8 $11) 48... Re7 49. Bf6 ({Inferior is} 49. Rxh7 Rf7+ 50. Kg4 Re7 $11) 49... Ra7 50. Re8 Kd6 51. Kf4 Ra4+ 52. Re4 Ra7 53. Re8 Ra4+ $1 54. Kg3 Ra3+ 55. Kg2 Ra7 56. Rg8 Ke6 57. Rg7 Ra2+ 58. Kg1 h6 $2 (58... Kf5 $18 59. Rxh7 Ra4) 59. Re7+ {White mates.} Kf5 60. Re5+ Kf4 61. gxh6 Ra1+ 62. Kf2 Rh1 63. Ra5 ({Not} 63. Bg7 Rxh6 64. Rc5 (64. Bxh6+ Kxe5 65. Bg7+ Kf5 $11) 64... Rh2+ 65. Kg1 Rh5 66. Rc4+ Kf3 $11) 63... g5 64. Bxg5+ Kg4 65. Kg2 Rh5 66. Bd2 1-0